000 00806nam a2200241 i 4500
003 DO-SdBNP
005 20240115130029.0
007 ta
008 240115b1940 dr ||||| |||| 00| 0 spa d
040 _aDO-SdBNP
_bspa
_cBNPHU
_erda
082 4 _222
110 2 _aUniversidad de Santo Domingo
_bFacultad de Medicina
_984773
245 1 0 _acontribución al estudio de la sulfanilamida y sus derivados, en la profilaxis de ciertas infecciones :
_btesis para el doctorado /
_cJuan Ricardo Canalda A.
264 _aCiudad Tujillo :
_bMontalvo,
_c1940.
300 _a62 páginas ;
_c24 cm.
336 _2rdacontent
_atexto
_btxt
337 _2rdamedia
_asin mediación
_bn
338 _2rdacarrier
_avolumen
_bnc
500 _aTesis
590 _aInventariado, 2024/BT
910 _aBtavárez
942 _2ddc
_cLBS1
999 _c55663
_d55663